01371nam a2200433 i 45000010005000000030009000050050017000140080039000310150017000700200015000870400028001020460009001300800011001390800008001500800012001580800012001701000039001822450077002212600056002983000036003543360027003903370054004173380028004713800016004993800027005153850039005423880014005813880014005955040026006096500024006356500024006596500014006836550030006976580028007276580015007557000034007707100036008048560097008404401KOSZ 00520230120123435.0970903s1990 pl a f f |000 0 pol aPB 1990/9809 a8301094494 aWA NcWA NdKOSZ 005/HR k1990 a621.01 a531 a519.673 a(075.8)1 aGiergiel, Józefd(1931- )eAutor10aIdentyfikacja układów mechanicznych /cJózef Giergiel, Tadeusz Uhl. aWarszawa :bPaństwowe Wydawnictwo Naukowe,c1990. a380 s. :brys., wykr. ;c24 cm. 2rdacontentaTekstbtxt 2rdamediaaBez urządzenia pośredniczącegobn 2rdacarrieraWoluminbnc aKsiążki aPublikacje dydaktyczne mPoziom nauczaniaaSzkoły wyższe a1901-2000 a1989-2000 aBibliogr. s. 367-380. 4aMechanika stosowana 4aModele matematyczne 4aMechanika 4aPodręczniki akademickie aInżynieria i technika aMatematyka1 aUhl, Tadeuszd(1956- )eAutor2 aPaństwowe Wydawnictwo Naukowe uhttp://koha.tu.koszalin.pl/cgi-bin/koha/opac-detail.pl?biblionumber=4401yKatalog online BPK